| 000 | 00631nam a2200205 a 4500 | ||
|---|---|---|---|
| 005 | 20240912063902.0 | ||
| 008 | 991125s1996 mx 000 0 spa u | ||
| 020 | _a9686943684 | ||
| 035 | _aUPN01000012934 | ||
| 049 | _aF | ||
| 050 | 4 |
_aHM101 _bC84 |
|
| 245 | 0 | 3 |
_aLa cultura en los medios de comunicación / _cEduardo Hurtado ... [et al.]. |
| 260 |
_aAguascalientes : _bInstituto de Educación de Aguascalientes, _c1996. |
||
| 300 | _a48 p. | ||
| 440 | 0 |
_aAprendamos ; _v34 |
|
| 650 | 4 |
_aCultura _xDifusión _911504 |
|
| 650 | 4 |
_aMedios masivos de comunicación _99547 |
|
| 700 | 1 |
_aHurtado, Eduardo, _ecoaut. |
|
| 905 | _aLibro | ||
| 999 |
_c12934 _d12934 |
||